Word Ladder: Room Mates Quiz Stats

 Plays Quiz Updated Mar 18, 2019

Score 0/24 Timer 03:00
4 Plays Today
Clue 4-Letter Word % Correct
Pulverize, as potatoesMASH
96.3%
HurryRUSH
95.9%
CounterfeitFAKE
95.8%
Payment optionCASH
95.7%
Taxi chargeFARE
95.5%
_____room: Edible fungus;
OR Go, to the dogs?
• MUSH •
95.1%
Iron oxideRUST
94.8%
Japanese drinkSAKE
94.7%
_____room: Secure place inside a house;
OR Ump's call
• SAFE •
94.3%
Golfer's goalHOLE
93.8%
Take shapeFORM
93.6%
_____room: Lavatory;
OR Relax
• REST •
93.4%
Clue 4-Letter Word % Correct
Cultivated landFARM
93.1%
Spanish welcomeHOLA
93%
_____ room: Living quarters;
OR Campus building
• DORM •
92.7%
Informal eateryCAFÉ
92.1%
Legal matterCASE
91.9%
Roll call responseHERE
90.6%
Bunch of buffaloHERD
90.5%
TV explorerDORA
87.6%
_____room: Where the school day starts;
OR Catcher's place
• HOME •
86.9%
Israeli danceHORA
84.6%
Red blood cell colorantHEME
80.4%
_____room: Type of clearance;
OR Beer foam
• HEAD •
78.1%

Today's Daily Dose

Missing Word
Video Games (A-Z)

Get the Picture
Tom Hanks

You're not logged in!

Compare scores with friends on all Sporcle quizzes.
OR
Log In

Sporcle TV

Today on Sporcle TV


Watch our educational content, quiz creation guides, and fun videos on Sporcle TV.

Show Comments

Extras

Top Quizzes Today


Score Distribution

Your Account Isn't Verified!

In order to create a playlist on Sporcle, you need to verify the email address you used during registration. Go to your Sporcle Settings to finish the process.

Report this User

Report this user for behavior that violates our Community Guidelines.

Details: